Why industry must adopt e-commerce (Record no. 60160)

MARC details
000 -LEADER
fixed length control field 00844cam a2200217 4500
001 - CONTROL NUMBER
control field ABS61389
008 - FIXED-LENGTH DATA ELEMENTS--GENERAL INFORMATION
fixed length control field 000000n1999 000 0 eng u
035 ## - SYSTEM CONTROL NUMBER
System control number (Sirsi) u100566
100 ## - MAIN ENTRY--PERSONAL NAME
Personal name Smith, K.
245 ## - TITLE STATEMENT
Title Why industry must adopt e-commerce
260 ## - PUBLICATION, DISTRIBUTION, ETC.
Date of publication, distribution, etc. 1999
490 ## - SERIES STATEMENT
Series statement Construction News
Volume/sequential designation (6634) 23 September 1999, 14-15(2)
520 ## - SUMMARY, ETC.
Summary, etc. Government is keen to encourage British businesses to embrace new technology. Article supports this view and argues that companies that change with the times will be the most successful. Lists some companies that have converted to electronic trade.
590 ## - LOCAL NOTE (RLIN)
Local note ABS
650 ## - SUBJECT ADDED ENTRY--TOPICAL TERM
Topical term or geographic name entry element E-COMMERCE
650 ## - SUBJECT ADDED ENTRY--TOPICAL TERM
Topical term or geographic name entry element ELECTRONIC TRADE
650 ## - SUBJECT ADDED ENTRY--TOPICAL TERM
Topical term or geographic name entry element CONSTRUCTION INDUSTRY TRADING ELECTRONICALLY
650 ## - SUBJECT ADDED ENTRY--TOPICAL TERM
Topical term or geographic name entry element CITE
690 ## - LOCAL SUBJECT ADDED ENTRY--TOPICAL TERM (OCLC, RLIN)
Topical term or geographic name as entry element MANAGEMENT-BUSINESS MANAGEMENT-INFORMATION MANAGEMENT
942 ## - ADDED ENTRY ELEMENTS (KOHA)
Suppress in OPAC 0
Holdings
Withdrawn status Lost status Source of classification or shelving scheme Damaged status Not for loan Home library Current library Shelving location Date acquired Total Checkouts Full call number Barcode Date last seen Copy number Price effective from Koha item type
    Dewey Decimal Classification     London London Journal article 19/10/1999   ABS61389 100566-1001 06/08/2019 1 06/08/2019 Journal article